00850nam a2200217 a 450000100060000000300080000600500170001400800410003103500190007204000350009104100080012608200270013410000270016124501420018826000710033030000370040150200790043850400340051765000500055170000310060184056BD-RjUL20241001103437.0241001s1997 bg a|||| m||| 00| 0 eng d a(BD-RjUL)84056 aBD-RjULbengcBD-RjULdBD-RjUL aeng 223a915.4922bCHC 1997 aChowdhury, Masud Hasan10aChanging Landuse Pattern in Gazipur District :bA Study with Remote Sensing Data /cBy Masud Hasan Chowdhury ;6Supervisor : Raquib Ahmed aRajshahi :bDepartment of Geography, University of Rajshahi,c1997 axx, 231 Leaves :bill, ;c29 cm. aThesis (M. Phil.) -- Department of Geography, University of Rajshahi, 1997 aReferences : Leaves [197]-222 aGeographyvChanging LandusezGazipur District aAhmed, Raquib, Supervisor